Európska energetika - cesta do neznáma

Narastajúci dopyt po energii a otázka obnoviteľných zdrojov energie. Hlavné energetické priority Európskej komisie - bezpečnosť zásobovania a energetická sebestačnosť únie.Postoj výrobcov tradičných zdrojov energie k alternatívnym zdrojom.

Salvato in:
Dettagli Bibliografici
Autore principale: Bachratý, Peter
Natura: Capitolo di libro
Lingua:slovacco
Soggetti:
Tags: Aggiungi Tag
Nessun Tag, puoi essere il primo ad aggiungerne!!

MARC

LEADER 00000naa$a2200000$$$4500
001 0022832
005 20230926070702.4
041 0 |a slo 
044 |a SK 
245 1 0 |a Európska energetika - cesta do neznáma  |c Peter Bachratý 
520 |a Narastajúci dopyt po energii a otázka obnoviteľných zdrojov energie. Hlavné energetické priority Európskej komisie - bezpečnosť zásobovania a energetická sebestačnosť únie.Postoj výrobcov tradičných zdrojov energie k alternatívnym zdrojom. 
610 2 0 |a energetika 
610 2 0 |a energia atómová 
610 2 0 |a zdroje energetické 
610 2 0 |a zdroje energie prírodné 
610 2 0 |a ochrana prostredia životného 
610 2 0 |a Európska únia 
100 1 |a Bachratý, Peter